000 00858nam a22002297a 4500
999 _c19711
_d19711
003 AR-CdUCM
008 190318b ||||| |||| 00| 0 spa d
040 _aMUNICIPALIDAD PROVINCIAL DEL CUSCO
_cBIBLIOTECA MUNICIPAL DEL CUSCO
041 _hfr.
082 _a942.073 /
_bC23
100 _aCapes, Renalt
_918462
245 _aHoracio Nelson :
_bUn estudio personal del almirante /
260 _aMéxico :
_bGandesa,
_c1952.
300 _a309 paginas ;
_c21 cm.
505 _aContenido :Cosas dignas de recuerdo --Los comienzos --Arduus ad solem --Extendiendo las alas --Recién casado --El hombre del Mediterráneo --Sir John Jervis ...
650 _aMarinos ingleses
_918463
650 _aSergio Horacio
_918464
650 _aBiografías históricas
_96252
700 _aMaria Martinez Sierra (traductor)
_918465
942 _2ddc
_cLIBROS
945 _arcc